ORCHIDS of Sarawak

Bibliographic Details
Other Authors: Barkman, Beaman, Tan
Format: Book
Published: Kota Kinabalu, Sabah : Natural History Pub. , 2001
Subjects:

MARC

LEADER 00000cam a2200000 7i4500
001 0000002020
005 20020805.0
020 0 0 |a 9838120456 
090 0 0 |a R584.40959522   |b ORC 2001 
245 0 0 |a ORCHIDS of Sarawak   |c Teofila E. Beaman ... (et al.); foreword by Tan Jiew Hoe; photographs by T. J. Barkman ... (et al.) 
260 0 0 |a Kota Kinabalu, Sabah :   |b Natural History Pub. ,   |c 2001 
300 |a xvi, 584 p. :   |b col. ill. ;   |c 27 cm. 
500 0 0 |a Includes index 
650 0 0 |a Orchids 
650 0 0 |a Orchids   |z Sarawak 
700 0 1 |a Barkman   |h T. J. 
700 0 1 |a Beaman   |h Teofila E. 
700 0 1 |a Tan   |h Jiew Hoe 
998 |a JPSM 
999 |a 0000003320   |b Monograph   |c Reference   |e Default branch